000 00639nam a2200157 a 4500
008 120716s1978 ||||||||||||||||| || u
050 _aVM 455 Poe
100 _aPoelgeest, F. M. van
245 1 0 _aSub standard tankers
_cF. M. van Poelgeest
260 _aLondon
_bNetherlands Maritime Institute
_c1978
300 _a68p.: ill.
500 _aReport published by the Netherlands Maritime Institute Bibliography
650 _aTANKERS--ACCIDENTS--ENVIRONMENTAL ASPECTS
650 _aTANKERS
995 _aSPECIAL COLLECTIONS
_e500013
_FCBU-DAG HAMMARSKJOLD INSTITUTE LIBRARY
_jDAG VM 455 Poe
_M1
_UAVAILABLE
_WAug 16, 2012
_y500013
_ZDHIPS Book Collection
999 _c493
_d493